00182nam a2200073Ia 4500008004100000100001500041245002400056260002800080190216s9999||||xx |||||||||||||| ||und|| aPrabhakarn 0aBoudika Preshnavali bKerala Bhasha Institute